[Event "Brandenburg-ch Seniors 11th"]
[Site "Lindow"]
[Date "2003.09.20"]
[Round "1"]
[White "Gensch, Manfred"]
[Black "Giewat, Hans"]
[Result "1-0"]
[WhiteElo "1799"]
[BlackElo "1465"]
[PlyCount "69"]
[EventDate "2003.09.??"]
[EventType "swiss"]
[EventRounds "7"]
[EventCountry "GER"]
[SourceTitle "EXT 2006"]
[Source "ChessBase"]
[SourceDate "2005.11.24"]
[SourceVersion "1"]
[SourceVersionDate "2005.11.24"]
[SourceQuality "1"]

1. e4 c6 2. d4 d5 3. Nc3 dxe4 4. Nxe4 Bf5 5. Ng3 Bg6 6. Nf3 Nd7 7. h4 h5 8. Bf4 Ngf6 9. Bc4 e6 10. Qe2 Qa5+ 11. c3 Nd5 12. Bd2 Bd6 13. Ne4 Bxe4 14. Qxe4 N7f6 15. Qe2 Nf4 16. Bxf4 Bxf4 17. g3 Bd6 18. Ng5 Qc7 19. 0-0-0 0-0-0 20. Nxf7 Kb8 21. Nxh8 Rxh8 22. Qxe6 Re8 23. Qf7 Qxf7 24. Bxf7 Re2 25. Rd2 Rxd2 26. Kxd2 Kc7 27. Re1 b5 28. Re3 a5 29. Rf3 c5 30. Rf5 cxd4 31. cxd4 Kb6 32. Bxh5 Bb4+ 33. Ke3 Kc6 34. Bf3+ Kd6 35. Rxb5 1-0

[Event "Brandenburg-ch Seniors 10th"]
[Site "Lindow"]
[Date "2002.09.19"]
[Round "5"]
[White "Giewat, Hans"]
[Black "Garms, Ilse"]
[Result "1/2-1/2"]
[WhiteElo "1433"]
[BlackElo "1656"]
[PlyCount "81"]
[EventDate "2002.09.??"]
[EventType "swiss"]
[EventRounds "7"]
[EventCountry "GER"]
[SourceTitle "EXT 2006"]
[Source "ChessBase"]
[SourceDate "2005.11.24"]
[SourceVersion "1"]
[SourceVersionDate "2005.11.24"]
[SourceQuality "1"]

1. e4 e5 2. Nf3 d6 3. c4 Nf6 4. Nc3 Be7 5. d4 exd4 6. Nxd4 Nbd7 7. Nf5 0-0 8. Nxe7+ Qxe7 9. Bg5 h6 10. Bxf6 Nxf6 11. f3 c6 12. Be2 Be6 13. 0-0 Rad8 14. Qa4 Ra8 15. Rad1 Qc7 16. Qc2 d5 17. exd5 cxd5 18. cxd5 Nxd5 19. Qd2 Nxc3 20. Qxc3 Qxc3 21. bxc3 Bxa2 22. Rd7 b6 23. Ra1 Be6 24. Rdxa7 Rxa7 25. Rxa7 Rc8 26. Rb7 Rc6 27. Bb5 Rd6 28. c4 Kf8 29. Rc7 g5 30. Kf2 Rd2+ 31. Kf1 Rd6 32. Ke2 Kg7 33. g4 Kg6 34. Ke3 h5 35. h3 hxg4 36. hxg4 f5 37. gxf5+ Kxf5 38. Bc6 Kf6 39. Be4 Ke5 40. c5 bxc5 41. Rxc5+ 1/2-1/2